|
|
|
|
| LEADER |
00000cam a2200000 a 4500 |
| 001 |
1/120110 |
| 008 |
191011s1967####gr | ||| |||| ||gre|| |
| 040 |
|
|
|a GR-MyUa
|b gre
|c GR-MyUa
|e AACR2
|
| 041 |
0 |
|
|a gre
|
| 082 |
7 |
|
|a 398.094950711
|2 (23)
|
| 100 |
1 |
|
|a Σπυριδάκης, Γεώργιος Κ.,
|d 1906-1975.
|
| 245 |
1 |
0 |
|a Σημειώσεις εκ παραδόσεων του μαθήματος της ελληνικής λαογραφίας /
|c υπό Γεωργ. Κ. Σπυριδάκη.
|
| 260 |
|
|
|a Αθήναι :
|b [χ.ό.],
|c 1967.
|
| 300 |
|
|
|a 498 σ. ;
|c 25 εκ.
|
| 500 |
|
|
|a Αποτελείται από τρία τεύχη δεμένα μαζί.
|
| 504 |
|
|
|a Περιλαμβάνει βιβλιογραφικές παραπομπές.
|
| 650 |
|
0 |
|a Folklore
|z Greece.
|
| 650 |
|
0 |
|a Folklore
|x Study and teaching.
|
| 651 |
|
0 |
|a Greece
|x Social life and customs.
|
| 852 |
|
|
|a INST
|b RHODES
|c AKA
|e 20191011
|h 398.094950711 ΣΠΥ
|p 005400041207
|q 005400041207
|t BK
|y 0
|
| 920 |
|
|
|a Ακαδημία Ρόδου
|y Ρόδος
|z 2019-10
|
| 970 |
|
|
|z 11-10-2019
|